00399nam a2200133Ia 4500003000400000005001700004008004100021040000900062082001800071100001600089245009300105260005800198300000900256OSt20200624124605.0190216s9999||||xx |||||||||||||| ||und|| coclc a954.03bGRO/D aGrover, B L 0aA Documentary Study Of British Policy Towards Indian Nationalism 1885-1909 /cB L Grover bMunshiram Manoharlal Pub Pvt Ltd,c1967.aNew Delhi: a295p